书目信息 |
| 题名: |
音乐知识词典
|
|
| 作者: | 高天康 编 | |
| 分册: | ||
| 出版信息: | 兰州 甘肃人民出版社 1981 |
|
| 页数: | 840页 | |
| 开本: | 14cm | |
| 丛书名: | ||
| 单 册: | ||
| 中图分类: | J-61 | |
| 科图分类: | ||
| 主题词: | 艺术--词典 | |
| 电子资源: | ||
| ISBN: | ||
| 000 | 00604nam0 2200229 45 | |
| 001 | 0181003002 | |
| 005 | 20050428112349.2 | |
| 010 | @dCNY1.92 | |
| 091 | @aCN@b8096.817 | |
| 100 | @a19950211d1981 em y0chiy0121 ea | |
| 101 | 0 | @achi |
| 102 | @aCN@b620000 | |
| 105 | @ay e 000yy | |
| 200 | 10 | @a音乐知识词典@Ayin yue zhi shi ci dian@f高天康编@FGao Tian Kang Bian |
| 210 | @a兰州@c甘肃人民出版社@d1981 | |
| 215 | @a840页@d14cm | |
| 606 | @a艺术@x词典 | |
| 690 | @aJ-61@v3 | |
| 701 | 0 | @a高天康@4编 |
| 801 | 0 | @aCN@b上海图书馆@c20050427 |
| 801 | 2 | @aCN@bNLC@c20050427 |
| 905 | @f1@b129366@dJ-61@e8 | |
| 音乐知识词典/高天康编.-兰州:甘肃人民出版社,1981 |
| 840页;14cm |
| ISBN :CNY1.92 |
| ● |
| 相关链接 |
|
|
|
|
正题名:音乐知识词典
索取号:J-61/8
 
预约/预借
| 序号 | 登录号 | 条形码 | 馆藏地/架位号 | 状态 | 备注 |
| 1 | 0129366 | 000697393 | 第一借阅区/ [索取号:J-61/8] | 在馆 | |
| 2 | 0129367 | 001217016 | 第一样本阅览室/ [索取号:J-61/8] | 在馆 |